| LEADER | 02824nam a2200577 aa4500 | ||
|---|---|---|---|
| 001 | 001209023 | ||
| 003 | CZ BrMZK | ||
| 005 | 20140526091348.0 | ||
| 007 | ta | ||
| 008 | 120427m20099999xr abi g f 000 0 cze | ||
| 020 | |q (Brož. : |q sv. 4) | ||
| 020 | |q (Brož. : |q sv. 6) | ||
| 020 | |q (Brož. : |q sv. 7) | ||
| 020 | |q (Brož. : |q sv. 8) | ||
| 020 | |q (Brož. : |q sv. 9) | ||
| 020 | |q (Brož. : |q sv. 10) | ||
| 020 | |q (Brož. : |q sv. 11) | ||
| 020 | |q (Brož. : |q sv. 12) | ||
| 040 | |a BOA001 |b cze | ||
| 041 | 1 | |a cze |a eng |a pol |a slo |h cze | |
| 043 | |a e-xr--- |a e-xo--- |b e-xr-mo |2 czenas | ||
| 072 | 7 | |a 913(437) |x Geografie Česka a Slovenska, reálie, cestování |2 Konspekt |9 7 | |
| 080 | |a 908(437.326) |2 MRF | ||
| 080 | |a 908(437.6) |2 MRF | ||
| 080 | |a 908(437.6-191.2) |2 MRF | ||
| 080 | |a (036) |2 MRF | ||
| 245 | 0 | 0 | |a Vítejte v Euroregionu Beskydy |
| 246 | 3 | |a Welcome v Euroregionu Beskydy | |
| 246 | 3 | |a Witamy v Euroregionu Beskydy | |
| 260 | |a [Frýdek-Místek : |b Region Beskydy, |c 2009-2013] | ||
| 300 | |a 12 sv. : |b barev. il., mapy, erby ; |c 30 cm | ||
| 500 | |a Název z obálky | ||
| 500 | |a Název z obálky | ||
| 505 | 1 | |a [sv. 4. 2009. 12 s.] -- [sv. 6. 2010. 12 s.] -- [sv. 7. 2010. 12 s.] -- [sv. 8. 2010. 12 s.] -- [sv. 9. 2012. 12 s.] -- [sv. 10. 2012. 12 s.] -- [sv. 11. 2012. 12 s.] -- [sv. 12. 2012. 12 s.] | |
| 546 | |a Souběžný slovenský, polský a anglický text | ||
| 655 | 7 | |a informační publikace |7 fd132454 |2 czenas | |
| 610 | 2 | 7 | |a Euroregion Beskydy (sdružení) |7 ko2006341918 |
| 651 | 7 | |a Frýdek-Místek (Česko : oblast) |7 ge134178 |x vlastivěda |2 czenas | |
| 651 | 7 | |a Malá Fatra (Slovensko : pohoří) |7 ge152007 |x vlastivěda |2 czenas | |
| 651 | 7 | |a Žilina (Slovensko : oblast) |7 ge131618 |x vlastivěda |2 czenas | |
| 910 | |a BOA001 |b 4-1280.387 |s 4, 6-12 | ||
| 990 | |a BK | ||
| 991 | |b 201205 |e n | ||
| 996 | 6 | |b 2610509721 |c 4-1280.387 |d sv. 8 |v 8 |l MZK |r Sklad / do 1 hodiny |n 1 |p p.v. |w 001243739 |u 000040 |a 1 |e BOA001 |j MZK50 |s P | |
| 996 | 6 | |b 2610509722 |c 4-1280.387 |d sv. 4 |v 4 |l MZK |r Sklad / do 1 hodiny |n 1 |p p.v. |w 001243739 |u 000010 |a 1 |e BOA001 |j MZK50 |s P | |
| 996 | 6 | |b 2610509723 |c 4-1280.387 |d sv. 6 |v 6 |l MZK |r Sklad / do 1 hodiny |n 1 |p p.v. |w 001243739 |u 000020 |a 1 |e BOA001 |j MZK50 |s P | |
| 996 | 6 | |b 2610509724 |c 4-1280.387 |d sv. 7 |v 7 |l MZK |r Sklad / do 1 hodiny |n 1 |p p.v. |w 001243739 |u 000030 |a 1 |e BOA001 |j MZK50 |s P | |
| 996 | 6 | |b 2610591893 |c 4-1280.387 |d sv. 9 |v 9 |l MZK |r Sklad / do 1 hodiny |n 0 |p p.v. |w 001243739 |u 000050 |a 1 |e BOA001 |j MZK50 |s P | |
| 996 | 6 | |b 2610591894 |c 4-1280.387 |d sv. 10 |v 10 |l MZK |r Sklad / do 1 hodiny |n 0 |p p.v. |w 001243739 |u 000060 |a 1 |e BOA001 |j MZK50 |s P | |
| 996 | 6 | |b 2610591895 |c 4-1280.387 |d sv. 11 |v 11 |l MZK |r Sklad / do 1 hodiny |n 0 |p p.v. |w 001243739 |u 000070 |a 1 |e BOA001 |j MZK50 |s P | |
| 996 | 6 | |b 2610591896 |c 4-1280.387 |d sv. 12 |v 12 |l MZK |r Sklad / do 1 hodiny |n 0 |p p.v. |w 001243739 |u 000080 |a 1 |e BOA001 |j MZK50 |s P | |
English
Čeština 